000 00864nam a2200265 i 4500
001 C2-0237260
003 PPAK
005 20210519062952.0
008 011208s2001 my |||| ||||| | zxx d
022 _a1394-6463
040 _aPPAK
_beng
_cPPAK
_erda
082 0 4 _a657.74021
_223
090 0 0 _a657.74021
_bMAL
_dKK
090 0 0 _a657.74021
_bMAL
_dR
110 2 _aMalaysia, Jabatan Perangkaan
_eissuing body.
245 0 0 _aLaporan Imbangan Pembayaran Suku Tahunan Kedua : 2001=
_bquarterly Balance of Payments Reports Second Quarter : 2001
264 1 _aKuala Lumpur :
_bJabatan Perangkaan Malaysia ,
_c2001
300 _a31 pages ;
_c29 cm
336 _2rdacontent
_atext
337 _2rdamedia
_aunmediated
338 _2rdacarrier
_avolume
650 1 0 _aAccounting
_vPeriodicals.
710 2 _aMalaysia, Jabatan Perangkaan
_eorganizer
942 _cB
_2ddc
999 _c52947
_d52947